[Event "35th Asia-ch U20"]
[Site "Sharjah UAE"]
[Date "2013.04.06"]
[Round "9.12"]
[White "Chahrour, Ibrahim"]
[Black "Abdulla, Abdulwahab"]
[Result "1-0"]
[WhiteElo "1974"]
[BlackElo "1773"]
[EventDate "2013.03.30"]

1.e4 e5 2.Nf3 Nc6 3.Bb5 Nge7 4.c3 g6 5.d4 exd4 6.cxd4 Bg7 7.Nc3 O-O 8.O-O 
d5 9.exd5 Nxd5 10.Bg5 f6 11.Bd2 Kh8 12.Re1 Bg4 13.Be3 Nxe3 14.fxe3 f5 15.
Be2 Re8 16.Qd2 Bh6 17.Bb5 Bxf3 18.gxf3 Bxe3+ 19.Rxe3 Qg5+ 20.Kf2 Qh4+ 21.
Kf1 Rxe3 22.Qxe3 Qxh2 23.Bxc6 bxc6 24.Re1 Rd8 25.f4 Qh1+ 26.Ke2 Qh5+ 27.
Kd3 Qh4 28.Qe5+ Kg8 29.Qe6+ Kf8 30.Re3 c5 31.d5 c4+ 32.Kc2 Rb8 33.Ne2 Qe1 
34.Qe5 Qb4 35.Qh8+ Kf7 36.Qxh7+ Kf8 37.Qh8+ Kf7 38.Qc3 Qa4+ 39.Kb1 1-0